[Event "ITA-ch sf 71st"]
[Site "Acqui Terme"]
[Date "2011.07.17"]
[Round "1"]
[White "Di Paolo, Raffaele"]
[Black "Melone, Antonio"]
[Result "1-0"]
[WhiteElo "2341"]
[BlackElo "2044"]
[PlyCount "83"]
[EventDate "2011.07.17"]
[EventType "swiss"]
[EventRounds "9"]
[EventCountry "ITA"]
[SourceTitle "EXT 2013"]
[Source "ChessBase"]
[SourceDate "2012.11.22"]
[SourceVersion "1"]
[SourceVersionDate "2012.11.22"]
[SourceQuality "1"]

1. e4 c6 2. d4 d5 3. Nc3 dxe4 4. Nxe4 Nf6 5. Nxf6+ gxf6 6. Nf3 Bg4 7. Be2 e6 8. Bf4 Bd6 9. Qd2 Qc7 10. Bxd6 Qxd6 11. 0-0-0 Nd7 12. Qa5 b5 13. Kb1 Nb6 14. Rhe1 Rb8 15. Nd2 Bf5 16. Bf3 h6 17. Be4 Bxe4 18. Nxe4 Qe7 19. Qc3 Rc8 20. Qg3 Kf8 21. Nd6 Rg8 22. Nxc8 Nxc8 23. Qh4 Rg6 24. Re3 Nd6 25. g4 Nc4 26. Re2 Qd6 27. f3 a5 28. Qg3 Qd5 29. Qf4 a4 30. a3 Nd6 31. h4 e5 32. Qe3 c5 33. c3 Qb3 34. Qd3 Nc4 35. Kc1 cxd4 36. cxd4 Qa2 37. Qb1 Qxb1+ 38. Kxb1 exd4 39. Rxd4 f5 40. gxf5 Rg1+ 41. Kc2 Rf1 42. f6 1-0

[Event "Torino-ch"]
[Site "Torino "]
[Date "2010.11.15"]
[Round "2"]
[White "Melone, Antonio"]
[Black "Digiugno, Franco"]
[Result "1-0"]
[WhiteElo "2027"]
[BlackElo "2053"]
[PlyCount "47"]
[EventDate "2010.11.08"]
[EventType "swiss"]
[EventRounds "7"]
[EventCountry "ITA"]
[SourceTitle "EXT 2012"]
[Source "ChessBase"]
[SourceDate "2011.11.24"]
[SourceVersion "1"]
[SourceVersionDate "2011.11.24"]
[SourceQuality "1"]

1. d4 d5 2. c4 e6 3. Nc3 c5 4. Nf3 Nc6 5. Bf4 cxd4 6. Nxd4 Bb4 7. a3 Bxc3+ 8. bxc3 Qa5 9. Nb5 dxc4 10. Nc7+ Kf8 11. Nxa8 Qxc3+ 12. Bd2 Qe5 13. Rc1 Nge7 14. Bb4 f6 15. Bd6 Qa5+ 16. Qd2 Qxd2+ 17. Kxd2 Kf7 18. Bxe7 Kxe7 19. Nc7 a6 20. e4 b5 21. a4 Nd4 22. Ke3 Nb3 23. Rc3 Kd7 24. axb5 1-0